[Event "Satka Autumn op (Women)"]
[Site "Satka"]
[Date "2022.09.05"]
[Round "7"]
[White "Ivanova, Arina"]
[Black "Eidelson, Rakhil"]
[Result "1-0"]
[WhiteElo "1703"]
[BlackElo "1867"]
[PlyCount "89"]
[EventDate "2022.08.30"]
[EventType "swiss"]
[EventRounds "9"]
[EventCountry "RUS"]
[SourceTitle "CBM 210 Extra"]
[Source "ChessBase"]
[SourceDate "2022.11.30"]
[SourceVersion "1"]
[SourceVersionDate "2022.11.30"]
[SourceQuality "1"]

1. e4 c5 2. Nf3 a6 3. d4 cxd4 4. Nxd4 Nf6 5. Bd3 e5 6. Nb3 d5 7. exd5 Qxd5 8. 0-0 Nc6 9. Nc3 Qd8 10. Bg5 Be7 11. Qe2 Bg4 12. f3 Be6 13. Rad1 Qc7 14. Qf2 0-0 15. Qh4 h6 16. Bxf6 Bxf6 17. Qe4 g6 18. Nc5 Qb6 19. N3a4 Qa7 20. Kh1 Bf5 21. Qe1 Bxd3 22. Rxd3 Rfe8 23. Nd7 Be7 24. Nab6 Rad8 25. Qe4 Kg7 26. f4 f5 27. Qc4 e4 28. Qc3+ Kf7 29. Rg3 Rg8 30. Qc4+ Kg7 31. Qe6 Kh7 32. Nd5 Rxd7 33. Qxd7 Rg7 34. Nxe7 Nxe7 35. Qd6 Nc6 36. c3 Qb6 37. b3 Qb5 38. Re1 Qa5 39. h4 h5 40. Rd1 Qxa2 41. Qf6 Nd8 42. Rxd8 Qf2 43. Qf8 Kh6 44. Qh8+ Rh7 45. Rxg6+ 1-0

[Event "Satka Autumn op (Women)"]
[Site "Satka"]
[Date "2022.09.02"]
[Round "4"]
[White "Kanter, Elizaveta"]
[Black "Ivanova, Arina"]
[Result "1-0"]
[WhiteElo "1332"]
[BlackElo "1703"]
[PlyCount "69"]
[EventDate "2022.08.30"]
[EventType "swiss"]
[EventRounds "9"]
[EventCountry "RUS"]
[SourceTitle "CBM 210 Extra"]
[Source "ChessBase"]
[SourceDate "2022.11.30"]
[SourceVersion "1"]
[SourceVersionDate "2022.11.30"]
[SourceQuality "1"]

1. d4 d5 2. c4 c6 3. Nf3 Nf6 4. Qc2 g6 5. Bf4 dxc4 6. Qxc4 Bg7 7. e3 0-0 8. Bd3 Be6 9. Qc1 Nd5 10. Bxb8 Rxb8 11. 0-0 Nb4 12. Bc4 Bf5 13. Nc3 b5 14. Be2 Qb6 15. Qd2 Rfd8 16. a3 Na6 17. Rfd1 Nc7 18. e4 Bg4 19. d5 Be6 20. Qg5 f6 21. Qg3 cxd5 22. exd5 Bxd5 23. Nxd5 Nxd5 24. Nd4 Nc7 25. Rac1 e5 26. Nc6 Rxd1+ 27. Bxd1 Re8 28. Bb3+ Kh8 29. h4 Bh6 30. Rc2 Bf4 31. Qd3 Ne6 32. Bxe6 Rxe6 33. Qd7 Rxc6 34. Qxc6 Qd4 35. Qxf6+ 1-0

[Event "Cheliabinsk Panchenko Memorial op"]
[Site "Cheliabinsk"]
[Date "2019.09.17"]
[Round "9"]
[White "Tosic, Miroslav"]
[Black "Ivanova, Arina"]
[Result "1-0"]
[WhiteElo "2327"]
[BlackElo "1668"]
[PlyCount "95"]
[EventDate "2019.09.09"]
[EventType "swiss"]
[EventRounds "9"]
[EventCountry "RUS"]
[SourceTitle "EXT 2020"]
[Source "ChessBase"]
[SourceDate "2019.10.17"]
[SourceVersion "1"]
[SourceVersionDate "2019.10.17"]
[SourceQuality "1"]

1. d4 Nf6 2. c4 g6 3. Nc3 d5 4. Nf3 Bg7 5. cxd5 Nxd5 6. e4 Nxc3 7. bxc3 0-0 8. Be3 c5 9. Qd2 Qa5 10. Rc1 Rd8 11. d5 e6 12. c4 Qa3 13. Be2 Nc6 14. 0-0 b6 15. Bg5 Rd7 16. Qf4 e5 17. Qg3 Nd4 18. Nxd4 Qxg3 19. hxg3 exd4 20. Bd3 Rb7 21. Rfe1 Bd7 22. e5 Re8 23. f4 h6 24. Bf6 a6 25. d6 Bxf6 26. exf6 Re6 27. Rxe6 Bxe6 28. Rb1 Rb8 29. a4 a5 30. Kf2 Kf8 31. Kf3 Ke8 32. g4 Bd7 33. Re1+ Kf8 34. Re7 Bxa4 35. Ke4 Bc6+ 36. Ke5 a4 37. d7 Rd8 38. g5 h5 39. f5 Rxd7 40. fxg6 fxg6 41. Re6 Bxg2 42. Bxg6 Rd8 43. f7 Bc6 44. Kf6 Bd7 45. Rd6 a3 46. Bxh5 a2 47. g6 a1Q 48. g7# 1-0